000 00249nam a2200109Ia 4500
008 190216s9999||||xx |||||||||||||| ||und||
100 _aAlak Ghosh
245 0 _aIndian Economy
260 _bThe World Press Pvt Ltd
650 _aEconomics
942 _cBK
999 _c9087
_d9087